Southville International School and Colleges
Your cart is empty.
  • Cart
  • Lists
    Public lists Eva Luna New books Lux_list list_1
    Your lists Log in to create your own lists
  • Log in to your account
  • Your cookies
  • Search history
Southville International School and Colleges
  • Advanced search
  • Recent comments
  • Most popular
  • Libraries

Log in to your account

Log in with GOOGLE


If you do not have an external account, but do have a local account, you can still log in:

  1. Home
  2. MARC view: Total quality management in libraries :
Normal view MARC view ISBD view

Total quality management in libraries : (Record no. 431)

[ view plain ]
MARC details
000 -LEADER
fixed length control field 01027pam a2200313 a 4500
001 - CONTROL NUMBER
control field 2540463
003 - CONTROL NUMBER IDENTIFIER
control field OSt
005 - DATE AND TIME OF LATEST TRANSACTION
control field 20140310181629.0
008 - FIXED-LENGTH DATA ELEMENTS--GENERAL INFORMATION
fixed length control field 940308s1994 cou b 001 0 eng
010 ## - LIBRARY OF CONGRESS CONTROL NUMBER
LC control number 94008011
020 ## - INTERNATIONAL STANDARD BOOK NUMBER
International Standard Book Number 1563082470
040 ## - CATALOGING SOURCE
Original cataloging agency DLC
Transcribing agency DLC
Modifying agency DLC
043 ## - GEOGRAPHIC AREA CODE
Geographic area code n-us---
050 00 - LIBRARY OF CONGRESS CALL NUMBER
Classification number Z 678
Item number .On58 1994
082 00 - DEWEY DECIMAL CLASSIFICATION NUMBER
Classification number TR 004.02E
-- 20
Item number W33 2000
100 1# - MAIN ENTRY--PERSONAL NAME
Personal name O'Neil, Rosanna M.,
Dates associated with a name 1957-
245 10 - TITLE STATEMENT
Title Total quality management in libraries :
Remainder of title a sourcebook /
Statement of responsibility, etc Rosanna M. O'Neil.
260 ## - PUBLICATION, DISTRIBUTION, ETC. (IMPRINT)
Place of publication, distribution, etc Englewood, Colo. :
Name of publisher, distributor, etc Libraries Unlimited,
Date of publication, distribution, etc c1994.
300 ## - PHYSICAL DESCRIPTION
Extent 194 p. :
Dimensions 24 cm.
Other physical details ill. ;
500 ## - GENERAL NOTE
General note Includes bibliographical references and index.
521 ## - TARGET AUDIENCE NOTE
Target audience note
541 ## - IMMEDIATE SOURCE OF ACQUISITION NOTE
-- 1
562 ## - COPY AND VERSION IDENTIFICATION NOTE
Number of copies 1
650 #0 - SUBJECT ADDED ENTRY--TOPICAL TERM
Topical term or geographic name as entry element Library administration
Geographic subdivision United States.
650 #0 - SUBJECT ADDED ENTRY--TOPICAL TERM
Topical term or geographic name as entry element Total quality management.
906 ## - LOCAL DATA ELEMENT F, LDF (RLIN)
a 7
b cbc
c orignew
d 1
e ocip
f 19
g y-gencatlg
942 ## - ADDED ENTRY ELEMENTS (KOHA)
Source of classification or shelving scheme Library of Congress Classification
Koha item type
Call number prefix
Holdings
Withdrawn status Lost status Source of classification or shelving scheme Damaged status Home library Current library Shelving location Date acquired Total Checkouts Total Renewals Full call number Barcode Date last seen Date checked out Copy number Price effective from Koha item type
    Library of Congress Classification   Luxembourg Library Luxembourg Library Teachers Reference Section 03/01/2012 1 30 Z 678 .On58 1994 5670 09/07/2015 05/04/2015 1 10/03/2013 Books

Total quality management in libraries :

APA

O'Neil R. M., . (1994). Total quality management in libraries. Englewood, Colo: Libraries Unlimited.

Chicago

O'Neil Rosanna M, . 1994. Total quality management in libraries. Englewood, Colo: Libraries Unlimited.

Harvard

O'Neil R. M., . (1994). Total quality management in libraries. Englewood, Colo: Libraries Unlimited.

MLA

O'Neil Rosanna M, . Total quality management in libraries. Englewood, Colo: Libraries Unlimited. 1994.

  • Place hold
  • Print
  • Cite
  • Add to your cart (remove)
  • Save record
    BIBTEX Dublin Core MARCXML MARC (non-Unicode/MARC-8) MARC (Unicode/UTF-8) MARC (Unicode/UTF-8, Standard) MODS (XML) RIS
  • More searches
    Search for this title in:
    Other Libraries (WorldCat) Other Databases (Google Scholar) Online Stores (Bookfinder.com) Open Library (openlibrary.org)

Exporting to Dublin Core...

SOUTHVILLE LIBRARY

Southville International School and Colleges Library

1281 Tropical Ave. Cor. Luxembourg St., BF Homes International, Las Pinas City

Tel. No. 8256374 / 252358 Loc. 117/146

Powered by Koha